| 000 | 01075cam a2200313 a 4500 | ||
|---|---|---|---|
| 001 | 15783646 | ||
| 003 | OSt | ||
| 005 | 20160208165144.0 | ||
| 008 | 090622s2011 maua 001 0 eng | ||
| 010 | _a 2009024986 | ||
| 020 | _a9780321644749 (student ed.) | ||
| 020 | _a9780321645593 (annotated instructor's ed.) | ||
| 020 | _a0321645596 (annotated instructor's ed.) | ||
| 020 | _a0321644743 (student ed.) | ||
| 035 | _a(OCoLC)ocn410229347 | ||
| 040 |
_aDLC _cDLC _dYDX _dBTCTA _dYDXCP _dDLC |
||
| 050 | 0 | 0 |
_aQA154.2 _b.D82 1995 |
| 082 | 0 | 0 |
_a512.9 _222 |
| 100 | 1 | _aDugopolski, Mark. | |
| 245 | 1 | 0 |
_aCollege algebra / _cMark Dugopolski. |
| 250 | _a5th ed. | ||
| 260 |
_aBoston : _bAddison-Wesley, _cc2011. |
||
| 300 |
_axxiii, 638, [71] p. : _bill. (some col.) ; _c29 cm. |
||
| 500 | _aIncludes indexes. | ||
| 650 | 0 |
_aAlgebra _vTextbooks. |
|
| 906 |
_a7 _bcbc _corignew _d1 _eecip _f20 _gy-gencatlg |
||
| 942 |
_2lcc _cGEN |
||
| 999 |
_c10572 _d10572 |
||